000 00569nam a22002057a 4500
001 48481
003 AR-BaAGN
005 20231116105311.0
007 ta
008 230515s1946 ag ||||| |||| 00| 0 spa d
040 _aAR-BaAGN
_bspa
_eaacr
100 1 _aIbarguren, Carlos,
_d1877-1956
_96639
245 1 0 _aEl Sistema Económico de la Revolución /
_cCarlos Ibarguren.
260 _a[Buenos Aires] :
_bBanco de la Nación Argentina,
_c1946.
300 _a27 páginas
336 _2rdacontent
_btxt
337 _2rdamedia
_bn
338 _2rdacarrier
_bnc
942 _cLIBRO
999 _c48481
_d48481